000 00526nam a2200217Ia 4500
008 101110s9999 xx 000 0 und d
041 _aENGLISH
082 _bSR26292
_a539.7
100 _aKulkarni V.W.
245 _aAtomic and nuclear physics
260 _c2004
_bHimalaya, Mumbai
300 _a774
365 _b900
520 _aChemistry
546 _aENGLISH
630 _aAtomic and nuclear physics
650 _aChemistry
655 _aChemistry
730 _aAtomic and nuclear physics
942 _cBOOK
999 _c818883
_d818880